المدخل إلى الترقيم و الإملاء و النحة / (رقم التسجيلة. 10276)

تفاصيل مارك
000 -LEADER
fixed length control field 00747nam a22002417a 4500
005 - DATE AND TIME OF LATEST TRANSACTION
control field 20251108164347.0
008 - FIXED-LENGTH DATA ELEMENTS--GENERAL INFORMATION
fixed length control field 250721s1999 xx 000 0 ara d
082 14 - DEWEY DECIMAL CLASSIFICATION NUMBER
Classification number 410/سحي
100 1# - MAIN ENTRY--PERSONAL NAME
Personal name سحيمات، يوسف
245 10 - TITLE STATEMENT
Title المدخل إلى الترقيم و الإملاء و النحة /
250 ## - EDITION STATEMENT
Edition statement ط3.، مزيدة و منقحة
264 1# - PRODUCTION, PUBLICATION, DISTRIBUTION, MANUFACTURE, AND COPYRIGHT NOTICE
Place of production, publication, distribution, manufacture الكرك :
Name of producer, publisher, distributor, manufacturer دار رند للنشر،
Date of production, publication, distribution, manufacture, or copyright notice 1999.
300 ## - PHYSICAL DESCRIPTION
Extent 193ص
650 17 - SUBJECT ADDED ENTRY--TOPICAL TERM
Topical term or geographic name as entry element اللغة العربية
650 17 - SUBJECT ADDED ENTRY--TOPICAL TERM
Topical term or geographic name as entry element علامات الترقيم
650 17 - SUBJECT ADDED ENTRY--TOPICAL TERM
Topical term or geographic name as entry element الإملاء
650 17 - SUBJECT ADDED ENTRY--TOPICAL TERM
Topical term or geographic name as entry element قواعد اللغة
650 17 - SUBJECT ADDED ENTRY--TOPICAL TERM
Topical term or geographic name as entry element علم المعاجم
700 1# - ADDED ENTRY--PERSONAL NAME
Personal name عبانبة، يحيى
700 1# - ADDED ENTRY--PERSONAL NAME
Personal name الرواشدة، سامح
942 ## - ADDED ENTRY ELEMENTS (KOHA)
Source of classification or shelving scheme Dewey Decimal Classification
Koha item type كتب
المقتنيات
حالة السحب حالة الفقدان مصدر التصنيف حالة التلف غير قابل للإعارة المكتبة الرئيسية المكتبة الحالية موقع الرف تاريخ التزويد الرقم المتسلسل Total Checkouts رقم الإستدعاء تاريخ آخر ظهور تاريخ الفاتورة نوع المادة (كوها) الباركود
    Dewey Decimal Classification Unchecked   مكتبة أبو علندا العامة مكتبة أبو علندا العامة الإعارة 06/07/2004 376957   410/سحي 28/07/2025 06/07/2004 كتب  
    Dewey Decimal Classification     مكتبة أم قصير والمقابلين العامة مكتبة أم قصير والمقابلين العامة الإعارة 06/07/2004 376956   410/سحي 28/07/2025 06/07/2004 كتب 376956
    Dewey Decimal Classification     مكتبة الأميرة ايمان العامة مكتبة الأميرة ايمان العامة الإعارة 06/07/2004 376948   410/سحي 28/07/2025 06/07/2004 كتب 376948
    Dewey Decimal Classification Unchecked   مكتبة الاميرة بديعة مكتبة الاميرة بديعة الإعارة 06/07/2004 376951   410/سحي 28/07/2025 06/07/2004 كتب  
    Dewey Decimal Classification     مكتبة الجويدة مكتبة الجويدة الإعارة 06/07/2004 376952   410/سحي 28/07/2025 06/07/2004 كتب 376952
    Dewey Decimal Classification     مكتبة الحسن العامة مكتبة الحسن العامة الإعارة 06/07/2004 376953   410/سحي 28/07/2025 06/07/2004 كتب 376953
    Dewey Decimal Classification     مكتبة حمزة العامة مكتبة حمزة العامة الإعارة 06/07/2004 376954   410/سحي 28/07/2025 06/07/2004 كتب 376954
    Dewey Decimal Classification     مكتبة صويلح العامة مكتبة صويلح العامة الإعارة 06/07/2004 376949   410/سحي 28/07/2025 06/07/2004 كتب 376949
    Dewey Decimal Classification     مكتبة وادي السير العامة مكتبة وادي السير العامة الإعارة 13/03/2016 376958   410/سحي 28/07/2025 13/03/2016 كتب PLD00379411
Implemented & Customized by: BBB with SCIT (Smart Chains for Information Technology)

Powered by Koha